00628 2200253 4500001002100000005001500021035002000036245005000056240000600106100003200112250001000144300002900154246000600183740000600189264004400195336002100239337002000260338001800280082001100298084001700309020002200326650001300348990001300361INLIS00000000000229520250804112623 a0010-08250000251 aJadi Pelajar Harus Sukses /cRian hidayat Abi a_0 aRian Hidayat AbiePengarang aCet.1 a260 hlm :b_ ;c21 cme_ a_ a_ aJakarta :bElex Media Komputindo,c2017 2rdacontentaTeks 2rdamediaaCetak 2rdacarriera_ a370.15 a370.15 RIA j a978-602-04-2084-4 4amotivasi a25000489